000 00891nam a2200325Ia 4500
001 dia_2963
003 CHAP
005 20251027151706.0
008 220117s1991 xx 000 0 und d
010 _a173466
020 _a0-80-040824-9
040 _cCHAP
082 _a641.36 L39 1991
100 _aLawrie, R. A.
_9138328
245 _aMeat science /
_c R. A. Lawrie
250 _a5a ed.
260 _aEstados Unidos de América :
_b Pergamon Press,
_c1991
300 _axvii, 393 p.
503 _aI.167076
504 _aBibliografía: p. 243-269
590 _aTX373 L39 1991
650 _aCarne
_919053
650 _aCarne
_xPreservación
_919107
650 _aMeat
_9150746
650 _aMeat
_xPreservation
_9150954
901 _a641.36 L39 1991
902 _aM
905 _a5232271991 -usadmn8222223322ENG16
942 _cLIBRO
_2ddc
999 _c173466
_d173466